000
00201 a2200097 4500
020
_a
9788427202146
041
_a
spa
100
_a
Suzanne Collins
245
_a
Los juegos del hambre Sinsajo
942
_c
K
999
_c
26309
_d
26309